| 000 | 00863nam a22002177a 4500 | ||
|---|---|---|---|
| 999 |
_c783 _d783 |
||
| 003 | AR-CdUCM | ||
| 008 | 190225b ||||| |||| 00| 0 spa d | ||
| 020 | _a9688160539 | ||
| 040 |
_aMUNICIPALIDAD PROVINCIAL DEL CUSCO _cBIBLIOTECA MUNICIPAL DEL CUSCO |
||
| 082 |
_a974.02 / _bS572 |
||
| 100 |
_aSierra Brabatta, Carlos J. _92990 |
||
| 245 | _aZapata señor de la tierra capitán de los labriegos / | ||
| 260 |
_aMéxico: _bOffset , _c1985. |
||
| 300 |
_a157 páginas ; _bimágenes. _c20 cm. |
||
| 440 |
_aCiencia Cívica Nacional _92991 |
||
| 505 | _aDimensión histórica de zapata -- Cuando la pluma se convierte en dardo -- Estela Polémica -- La ostentación y el lujo correspondes a los hombres y los aleja del pueblo... | ||
| 650 |
_aPersonaje Mexicano. _92992 |
||
| 650 |
_aAgricultura Mexicana. _92993 |
||
| 942 |
_2ddc _cLIBROS |
||
| 945 |
_awfj _d2019-02-25 |
||